MARC details
| 000 -CABECERA |
| campo de control de longitud fija |
02880nam a2200373 a 4500 |
| 003 - IDENTIFICADOR DEL NÚMERO DE CONTROL |
| campo de control |
CHAP |
| 005 - FECHA Y HORA DE LA ÚLTIMA TRANSACCIÓN |
| campo de control |
20240527103407.0 |
| 007 - CAMPO FIJO DE DESCRIPCIÓN FÍSICA--INFORMACIÓN GENERAL |
| campo de control de longitud fija |
ta |
| 008 - DATOS DE LONGITUD FIJA--INFORMACIÓN GENERAL |
| campo de control de longitud fija |
230320s2012 mx ado|fr|||| 001 0 spa d |
| 020 ## - NÚMERO INTERNACIONAL ESTÁNDAR DEL LIBRO |
| Número Internacional Estándar del Libro |
978-607-715-068-8 |
| 040 ## - FUENTE DE LA CATALOGACIÓN |
| Centro catalogador/agencia de origen |
mxchpua |
| Centro/agencia transcriptor |
CHAP |
| Normas de descripción |
rda |
| 041 0# - CÓDIGO DE LENGUA |
| Código de lengua del sumario o resumen |
Español |
| Código de lengua de la tabla de contenido |
Español |
| 050 10 - SIGNATURA TOPOGRÁFICA DE LA BIBLIOTECA DEL CONGRESO |
| Número de clasificación |
QA276.2 |
| Número de documento/Ítem |
.I54 2012 |
| 082 00 - NÚMERO DE LA CLASIFICACIÓN DECIMAL DEWEY |
| Número de clasificación |
519.5 |
| Número de documento/Ítem |
I54 2012 |
| Número de edición |
20 |
| 100 1# - ENTRADA PRINCIPAL--NOMBRE DE PERSONA |
| 9 (RLIN) |
58052 |
| Nombre de persona |
Infante Gil, Said |
| Término indicativo de función/relación |
autor |
| 245 10 - MENCIÓN DE TÍTULO |
| Título |
Métodos estadísticos : |
| Resto del título |
un enfoque interdisciplinario / |
| Mención de responsabilidad, etc. |
Said Infante Gil y Guillermo P. Zárate de Lara |
| 250 ## - MENCIÓN DE EDICIÓN |
| Mención de edición |
3a edición |
| 264 #1 - PRODUCCIÓN, PUBLICACIÓN, DISTRIBUCIÓN, FABRICACIÓN Y COPYRIGHT |
| Producción, publicación, distribución, fabricación y copyright |
México : |
| Nombre del de productor, editor, distribuidor, fabricante |
Colegio de Postgraduados : Fundación Colegio de Postgraduados en Ciencias Agrarias, |
| Fecha de producción, publicación, distribución, fabricación o copyright |
2012 |
| 300 ## - DESCRIPCIÓN FÍSICA |
| Extensión |
x, 610 páginas : |
| Otras características físicas |
ilustraciones, gráficas, diagramas, tablas, fotos |
| 336 ## - TIPO DE CONTENIDO |
| Fuente |
rdacontent |
| Término de tipo de contenido |
texto |
| Código de tipo de contenido |
txt |
| 337 ## - TIPO DE MEDIO |
| Fuente |
rdamedia |
| Nombre/término del tipo de medio |
sin medio |
| Código del tipo de medio |
n |
| 338 ## - TIPO DE SOPORTE |
| Fuente |
rdacarrier |
| Nombre/término del tipo de soporte |
volumen |
| Código del tipo de soporte |
nc |
| 490 1# - MENCIÓN DE SERIE |
| Mención de serie |
La Gaya Ciencia (Colegio de Postgraduados) |
| Designación de volumen o secuencia |
v. 1 |
| 504 ## - NOTA DE BIBLIOGRAFÍA, ETC. |
| Nota de bibliografía, etc. |
Incluye bibliografías |
| 505 0# - NOTA DE CONTENIDO CON FORMATO |
| Nota de contenido con formato |
1. Introducción --<br/>2. Métodos tabulares y gráficos para la organización y presentación de datos --<br/>3. Cálculo y selección de medidas descriptivas --<br/>4. Nociones elementales de la probabilidad --<br/>5.Variables aleatorias y sus distribuciones. Momentos --<br/>6. Algunos modelos probabilísticos importantes --<br/>7. Distribuciones derivadas del muestreo --<br/>8. Pruebas de hipótesis --<br/>9. Estimación --<br/>10. Comparación de dos poblaciones --<br/>11. Análisis de la varianza --<br/>12. Regresión linear simple --<br/>13. Algunas técnicas no paramétricas --<br/>Tablas --<br/>Índice analítico |
| 520 2# - SUMARIO, ETC. |
| Sumario, etc. |
La primera edición de la obra Métodos Estadísticos: un Enfoque Interdisciplinario, vio la luz en enero de 1984, agotándose su primer tiraje (de 3 000 ejemplares) en menos de seis meses. Desde entonces se ha reimpreso regularmente, en promedio una vez por año, con tirajes de entre 1 000 y 1 500 ejemplares cada vez. Puede decirse que, dentro de la exigua tradición de la literatura científica en México, se ha convertido en un clásico en el que han abrevado ya 29 cohortes de estudiantes de licenciatura, maestría y doctorado de México, Centro y Sudamérica, y del suroeste de los EE. UU.<br/><br/>Esta tercera edición, ahora bajo el sello editorial del Colegio de Postgraduados, incluye varias novedades; entre ellas la posibilidad de usar el paquete R (de libre acceso) para trabajar los ejemplos en el texto y los ejercicios al final de cada capítulo. Seguramente este libro seguirá siendo una referencia adecuada para todo estudiante de ciencias experimentales y sociales. |
| 650 17 - PUNTO DE ACCESO ADICIONAL DE MATERIA--TÉRMINO DE MATERIA |
| 9 (RLIN) |
38241 |
| Término de materia o nombre geográfico como elemento de entrada |
Estadística |
| 650 17 - PUNTO DE ACCESO ADICIONAL DE MATERIA--TÉRMINO DE MATERIA |
| 9 (RLIN) |
91685 |
| Término de materia o nombre geográfico como elemento de entrada |
Probabilidad |
| 650 13 - PUNTO DE ACCESO ADICIONAL DE MATERIA--TÉRMINO DE MATERIA |
| 9 (RLIN) |
144311 |
| Término de materia o nombre geográfico como elemento de entrada |
Statistics |
| 650 13 - PUNTO DE ACCESO ADICIONAL DE MATERIA--TÉRMINO DE MATERIA |
| 9 (RLIN) |
158041 |
| Término de materia o nombre geográfico como elemento de entrada |
Probability |
| 700 1# - PUNTO DE ACCESO ADICIONAL--NOMBRE DE PERSONA |
| 9 (RLIN) |
124099 |
| Nombre de persona |
Zárate de Lara, Guillermo P. |
| Término indicativo de función/relación |
autor |
| 830 #0 - PUNTO DE ACCESO ADICIONAL DE SERIE-TÍTULO UNIFORME |
| 9 (RLIN) |
127712 |
| Título uniforme |
La Gaya Ciencia (Colegio de Postgraduados) |
| Designación de volumen o secuencia |
v. 1 |
| 942 ## - ELEMENTOS DE PUNTO DE ACCESO ADICIONAL (KOHA) |
| Fuente del sistema de clasificación o colocación |
Dewey Decimal Classification |
| Tipo de ítem Koha |
Libro |